000 00674nam a2200229Ia 4500
005 20250508170103.0
008 008 250505s9999 xx 000 0 eng d
020 _a978-981-15-0523-2
037 _aTextBook
040 _aFEDL
_beng
_cFEDL
041 _aeng
_2eng
084 _a507, SUN/R
_qFEDL
100 _aSunil Kumar Ed.
245 0 _aResearch trends in science and mathematics education
260 _aNew Delhi, India
_bA. P. H. Publishing Corporation
_c2020
300 _axx, 185p.
365 _aINR
_b495
546 _aGifted by the editors
700 _a Chaudhari Pinkal Ed.
_9782968
942 _cTB
_h507, SUN/R
999 _c1399144
_d1399144